000 00811nas a2200265 4500
001 BR9505028
003 BR-BrBNA
005 20231205094151.0
007 ta
008 230509b bl.|||p| |||| 00| 00por d
040 _aBR-BrBNA
_bpor
_cBiblioteca Nacional de Agricultura
041 _a(Pt)
072 _aQ04
100 1 _aOliveira, M.N. de
100 1 _aMaia, G.A.
100 1 _aGuedes, Z.B. de L.
100 1 _aGuimaraes, A.C.L.
100 1 _aFigueiredo, R.W. de
245 1 _aCaracteristicas quimicas e fisico-quimicas da carambola (Averrhoa carambola L.)
650 _aCarambola
650 _aAnalise de Alimento
773 0 _tCiencia Agronomica (Brazil)
_xISSN 0045-6888
_g(Jun-Dec 1989), v. 20(1-2) p. 129-133
_wBR9505028
909 _a202311
_bLúcia
_c55
_dLúcia Elande
942 _2AGRIS
_n0
_cANA
999 _c142502
_d142502